=LDR 00000nam 2200000 4500 =001 INLIS000000000050093 =005 20241022095712 =035 ##$$a 0010-041700000000283 =008 241022################g##########0#ind## =020 ##$$a 978-602-7929-72-2 =040 ##$$a NBPDMAT =082 ##$$a 403 =090 ##$$a 403 $ Fan k =100 ##$$a Fanani, Ahmad =245 1#$$a Kamus populer lengkap Inggris - Indonesia, Indonesia - Inggris /$c Ahmad Fanani =260 ##$$a Yogyakarta :$b Literindo,$c 2016 =300 ##$$a 628 hlm ; $c 23 x 15 cm =650 #4$$a Kamus populer inggris-indoensia =850 ##$$a NBPDMAT =084 ##$$a 403 FAN k =990 ##$$a 31700639 =990 ##$$a 31700640